| 000 | 00781nam a2200253Ia 4500 | ||
|---|---|---|---|
| 003 | OSt | ||
| 005 | 20220928112526.0 | ||
| 006 | a|||||r|||| 00| 0 | ||
| 007 | ta | ||
| 008 | 220927b |||||||| |||| 00| 0 eng d | ||
| 020 | _cINR 1299.00 | ||
| 024 | _a144036 | ||
| 037 |
_b016, 10/02/2021, Classic Book Service _cTextual |
||
| 040 |
_aSDCL _cSDCL _beng |
||
| 041 |
_2eng _aeng |
||
| 082 | _aV275, R0 | ||
| 100 |
_aBhaduri Saugata _9428575 |
||
| 245 | 0 |
_aPolycoloniality _b European transactions with bengal from the 13th to the 19th century |
|
| 260 |
_aNew Delhi _bBloomsbury _c2020 |
||
| 300 |
_aix-241p. _ccm. |
||
| 650 | _aEnglish | ||
| 942 |
_hV275, R0 _cTEXL _2CC |
||
| 999 |
_c745124 _d745124 |
||